New research on late Assyrian palaces: conference at Heidelberg, January 22nd, 2011
| Contributors: | ; |
|---|---|
| Format: | Electronic Book |
| Language: | German |
| Check availability: | HBZ Gateway |
| WorldCat: | WorldCat |
| Interlibrary Loan: | Interlibrary Loan for the Fachinformationsdienste (Specialized Information Services in Germany) |
| Published: |
Heidelberg
Heidelberger Orientverl.
2013
|
| In: |
Heidelberger Studien zum alten Orient (15)
Year: 2013 |
| Series/Journal: | Heidelberger Studien zum alten Orient
15 |
| Standardized Subjects / Keyword chains: | B
Assyria
/ Palace
/ History 880 BC-612 BC
/ Excavation
|
| Further subjects: | B
Conference program 2011 (Heidelberg)
|
| Online Access: |
Table of Contents Volltext (kostenfrei) |
| Parallel Edition: | Non-electronic
|
MARC
| LEADER | 00000cam a2200000 c 4500 | ||
|---|---|---|---|
| 001 | 1657546063 | ||
| 003 | DE-627 | ||
| 005 | 20260228232208.0 | ||
| 007 | cr uuu---uuuuu | ||
| 008 | 140519s2013 xx |||||o 00| ||ger c | ||
| 020 | |a 9783927552500 | ||
| 035 | |a (DE-627)1657546063 | ||
| 035 | |a (DE-576)406337276 | ||
| 035 | |a (DE-599)BSZ406337276 | ||
| 035 | |a (OCoLC)881357580 | ||
| 040 | |a DE-627 |b ger |c DE-627 |e rakwb | ||
| 041 | |a ger | ||
| 082 | 0 | |a 909 | |
| 084 | |a 6,22 |2 ssgn | ||
| 084 | |a NK 9400 |q SEPA |2 rvk |0 (DE-625)rvk/126258: | ||
| 245 | 0 | 0 | |a New research on late Assyrian palaces |b conference at Heidelberg, January 22nd, 2011 |c ed. by David Kertai & Peter A. Miglus |
| 264 | 1 | |a Heidelberg |b Heidelberger Orientverl. |c 2013 | |
| 300 | |a 124, XLIX S. |b Ill., Kt. | ||
| 336 | |a Text |b txt |2 rdacontent | ||
| 337 | |a Computermedien |b c |2 rdamedia | ||
| 338 | |a Online-Ressource |b cr |2 rdacarrier | ||
| 490 | 1 | |a Heidelberger Studien zum alten Orient |v 15 | |
| 601 | |a Heidelberg | ||
| 655 | 7 | |a Konferenzschrift |y 2011 |z Heidelberg |0 (DE-588)1071861417 |0 (DE-627)826484824 |0 (DE-576)433375485 |2 gnd-content | |
| 689 | 0 | 0 | |d g |0 (DE-588)4003285-1 |0 (DE-627)10639004X |0 (DE-576)208851011 |2 gnd |a Assyrien |
| 689 | 0 | 1 | |d s |0 (DE-588)4044394-2 |0 (DE-627)104589582 |0 (DE-576)209060697 |2 gnd |a Palast |
| 689 | 0 | 2 | |q z |2 gnd |a Geschichte v880-v612 |
| 689 | 0 | 3 | |d s |0 (DE-588)4129464-6 |0 (DE-627)104660694 |0 (DE-576)209610735 |2 gnd |a Ausgrabung |
| 689 | 0 | |5 DE-101 | |
| 700 | 1 | |e Hrsg. |0 (DE-588)1069651141 |0 (DE-627)822193647 |0 (DE-576)394536630 |4 edt |a Kertai, David | |
| 700 | 1 | |e Hrsg. |0 (DE-588)1020032111 |0 (DE-627)691079080 |0 (DE-576)176174249 |4 edt |a Miglus, Peter A. | |
| 776 | 0 | 8 | |i Erscheint auch als |n Druck-Ausgabe |t New research on late Assyrian palaces |d Heidelberg : Heidelberger Orientverlag, 2013 |h 124, XLIX S. |w (DE-627)1605668656 |w (DE-576)39453638X |z 9783927552500 |z 392755250X |k Non-Electronic |
| 830 | 0 | |a Heidelberger Studien zum alten Orient |v 15 |9 15,onl |w (DE-627)131147579 |w (DE-576)019519214 |w (DE-600)1129143-6 |7 am | |
| 856 | 4 | 0 | |u http://discovery.ucl.ac.uk/1411681/1/Nimrud_HSAO_XV_Muzahim-Kertai-Altaweel.pdf |x Digitalisierung |z kostenfrei |3 Volltext |7 0 |
| 856 | 4 | 2 | |u https://swbplus.bsz-bw.de/bsz39453638Xinh.htm |m V:DE-576;B:DE-21 |q application/pdf |v 20140304103128 |3 Inhaltsverzeichnis |7 1 |
| 936 | r | v | |a NK 9400 |b Tagungen und Kongresse (Vortragssammlungen und Berichte) |k Geschichte |k Weltgeschichte, Darstellungen Allgemeine Geschichte einzelner Staaten und Völker Teilgebiete der Geschichte, Sammelwerke |k Allgemeine Sammelwerke und Sammelbiografien |k Tagungen und Kongresse (Vortragssammlungen und Berichte) |0 (DE-627)127145825X |0 (DE-625)rvk/126258: |0 (DE-576)20145825X |
| 936 | s | n | |a n100 |2 mzub |
| 936 | s | n | |a z210 |2 mzub |
| 936 | s | n | |a l200 |2 mzub |
| 951 | |a BO | ||
| ACO | |a 1 | ||
| BIB | |a 1 | ||
| ELC | |a 1 | ||
| OAS | |a 1 | ||
| ORI | |a TA-MARC-ixtheo_oa001.raw | ||
| REL | |a 1 | ||
| STA | 0 | 0 | |a Assyria,Excavation,Excavation,Palace |
| STB | 0 | 0 | |a Fouille,Fouille,Palais |
| STC | 0 | 0 | |a Excavación,Excavación,Excavación,Palacio |
| STD | 0 | 0 | |a Palazzo,Scavi archeologici,Scavi archeologici |
| STE | 0 | 0 | |a 宫殿,王宫,挖掘 |
| STF | 0 | 0 | |a 宮殿,王宮,挖掘 |
| STG | 0 | 0 | |a Escavação,Escavação,Palácio |
| STH | 0 | 0 | |a Дворец,Раскопки (мотив),Раскопки |
| STI | 0 | 0 | |a Ανασκαφή (μοτίβο),Ανασκαφή,Παλάτι |
| SUB | |a BIB |a REL | ||
| SYG | 0 | 0 | |a Assyrisches Reich,Reich Assur , Palais,Palazzo,Paläste , Grabung,Archäologische Grabung,Ausgrabungen,Grabungen |
| TIM | |a 099991200101_099993881231 |b Geschichte v880-v612 | ||